|
|
|
|
| LEADER |
01194nam a22002772a 4500 |
| 001 |
000068971 |
| 003 |
CZ BrMZK |
| 005 |
20190814132548.0 |
| 008 |
950407s1991 xo d p cze d |
| 040 |
|
|
|a BOA001
|b cze
|
| 072 |
|
7 |
|a 004
|x Počítačová věda. Výpočetní technika. Informační technologie
|2 Konspekt
|9 23
|
| 072 |
|
7 |
|a 37.016
|x Učební osnovy. Vyučovací předměty. Učebnice
|2 Konspekt
|9 22
|
| 080 |
|
|
|a 007+004
|2 MRF
|
| 080 |
|
|
|a 004
|2 MRF
|
| 080 |
|
|
|a (075.3)
|2 MRF
|
| 100 |
1 |
|
|a Hvorecký, Jozef,
|d 1946-
|7 jx20031130055
|4 aut
|
| 245 |
1 |
0 |
|a Informatika a výpočtová technika pre 2. ročník gymnázia :
|b učebnica pre 2. a súčasne pre 1. ročník gymnázia podľa nového učebného plánu platného od 1. 9. 1990 /
|c Jozef Hvorecký
|
| 250 |
|
|
|a 1. vyd.
|
| 260 |
|
|
|a Bratislava :
|b Slovenské pedagogické nakladateľstvo,
|c 1991
|
| 300 |
|
|
|a 88 s., obr. příl.
|
| 650 |
0 |
7 |
|a informatika
|7 ph137095
|2 czenas
|
| 650 |
0 |
7 |
|a výpočetní technika
|7 ph137273
|2 czenas
|
| 655 |
|
7 |
|a učebnice středních škol
|7 fd133771
|2 czenas
|
| 910 |
|
|
|a BOA001
|b PK-0115.370
|
| 990 |
|
|
|a BK
|
| 996 |
7 |
|
|b 3119960017
|c PK-0115.370
|l MZK
|r Sklad / do 1 hodiny
|n 1
|w 000068971
|u 000010
|a 1
|e BOA001
|j MZK50
|s A
|